Day to day english / (Record no. 41624)

MARC details
000 -LEADER
fixed length control field 00679nam a22002057a 4500
005 - DATE AND TIME OF LATEST TRANSACTION
control field 20100813140816.0
010 ## - LCCN (DPL NO)
LC control number ENG-99891
020 ## - INTERNATIONAL STANDARD BOOK NUMBER
International Standard Book Number 9788190747837
Terms of availability 150.00
035 ## - SYSTEM CONTROL NUMBER
System control number 83423
037 ## - SOURCE OF ACQUISITION
Source of stock number/acquisition DBAD/PUB
082 ## - DEWEY DECIMAL CLASSIFICATION NUMBER
Classification number 485
100 ## - MAIN ENTRY--PERSONAL NAME
Personal name Anitha Premila Purani, M.
245 ## - TITLE STATEMENT
Title Day to day english /
Statement of responsibility, etc by M.Anitha Premila Purani
260 ## - PUBLICATION, DISTRIBUTION, ETC. (IMPRINT)
Place of publication, distribution, etc Chennai
Name of publisher, distributor, etc Neela Noolagam
Date of publication, distribution, etc 2008
270 ## - ADDRESS
Address 47, Nallthambi Street, Triplicane
City Chennai
Postal code 600005
300 ## - PHYSICAL DESCRIPTION
Extent 97p.
Dimensions 21cm (pbk)
650 ## - SUBJECT ADDED ENTRY--TOPICAL TERM
Topical term or geographic name as entry element English grammar
942 ## - ADDED ENTRY ELEMENTS (KOHA)
Source of classification or shelving scheme Dewey Decimal Classification
Item type English Books
Classification part 485
Call number suffix SAR
Holdings
Withdrawn status Lost status Not for loan Collection code Home library Current library Date acquired Source of acquisition Cost, normal purchase price Full call number Barcode Copy number Cost, replacement price Koha item type
    Not For Loan Non-fiction D.B.Act.Division D.B.Act.Division 13/08/2010 DBAD/PUB 150.00 485 SAR EN-83423 1 150.00 English Books

© Delhi Public Library
Hit Counter
free hit counter